[Event "Mistrovstvi CR senioru nad 60 let"]
[Site "?"]
[Date "2017.08.24"]
[Round "6"]
[White "Pribyl, Jaroslav"]
[Black "Mlynek, Petr"]
[Result "0-1"]
[WhiteElo "1944"]
[BlackElo "2094"]
[PlyCount "44"]
[EventDate "2017.08.19"]

1. e4 c6 2. d4 d5 3. Nd2 dxe4 4. Nxe4 Nd7 5. Ng5 Ngf6 6. Bd3 e6 7. N1f3 Bd6 8.
Qe2 h6 9. Ne4 Nxe4 10. Qxe4 Qc7 11. Qg4 Kf8 12. Qe4 b6 13. h3 Bb7 14. O-O c5
15. Qe2 e5 16. dxe5 Nxe5 17. Nxe5 Bxe5 18. c3 Re8 19. Be3 Qc6 20. f4 Bd4 21.
cxd4 Rxe3 22. d5 Qxd5 0-1

[Event "Mistrovstvi CR senioru nad 60 let"]
[Site "?"]
[Date "2017.08.24"]
[Round "6"]
[White "Pospisil, Evzen"]
[Black "Briza, Jiri"]
[Result "1/2-1/2"]
[WhiteElo "2064"]
[BlackElo "1938"]
[PlyCount "76"]
[EventDate "2017.08.19"]

1. d4 Nf6 2. Nf3 e6 3. g3 c5 4. c4 Be7 5. Nc3 O-O 6. Bg2 cxd4 7. Nxd4 d5 8.
cxd5 Nxd5 9. Nxd5 exd5 10. O-O Nc6 11. Be3 Bf6 12. Rc1 Bxd4 13. Bxd4 Re8 14. e3
Be6 15. Qd2 Nxd4 16. Qxd4 Qa5 17. a3 Rac8 18. Rfd1 Rc6 19. Rxc6 bxc6 20. Bf3 g6
21. h4 h5 22. Rc1 Rc8 23. Qc5 Qb6 24. b4 Qd8 25. Qxa7 Qf6 26. Bg2 Qb2 27. Rd1
Bg4 28. Rd4 Be6 29. a4 c5 30. bxc5 Qc1+ 31. Kh2 Rxc5 32. Rf4 Rc7 33. Qb6 Rc2
34. Bxd5 Qf1 35. Qd8+ Kh7 36. Bg2 Rxf2 37. Rxf2 Qxf2 38. Qd4 Qa2 1/2-1/2

[Event "Mistrovstvi CR senioru nad 60 let"]
[Site "?"]
[Date "2017.08.24"]
[Round "6"]
[White "Pilar, Miloslav"]
[Black "Novotny, Josef"]
[Result "0-1"]
[WhiteElo "2160"]
[BlackElo "2045"]
[PlyCount "86"]
[EventDate "2017.08.19"]

1. Nf3 e6 2. d4 d6 3. c4 g6 4. Nc3 Bg7 5. g3 Nf6 6. Bg2 Nc6 7. O-O O-O 8. b3
Qe7 9. Bb2 Bd7 10. Qd2 a6 11. e3 Rad8 12. Rad1 Bc8 13. Qc1 Rfe8 14. Rfe1 h6 15.
Ba3 Nh7 16. e4 g5 17. h3 h5 18. e5 g4 19. hxg4 hxg4 20. Nh2 f5 21. exf6 Qxf6
22. Bb2 Qg6 23. Be4 Qh5 24. Ne2 e5 25. dxe5 dxe5 26. Rxd8 Rxd8 27. Rd1 Rf8 28.
Ba3 Re8 29. Qe3 Ng5 30. Bg2 Bh6 31. Qd3 Bg7 32. Qd5+ Be6 33. Qd3 Rd8 34. Qc2
Rxd1+ 35. Qxd1 Nf3+ 36. Bxf3 gxf3 37. Nc3 Nd4 38. Ne4 Qf5 39. Nc3 Qh3 40. Qf1
Qxf1+ 41. Kxf1 Bh3+ 42. Ke1 Nc2+ 43. Kd1 Nxa3 0-1

[Event "Mistrovstvi CR senioru nad 60 let"]
[Site "?"]
[Date "2017.08.24"]
[Round "6"]
[White "Salac, Jiri"]
[Black "Dolezal, Radoslav"]
[Result "1/2-1/2"]
[WhiteElo "2056"]
[BlackElo "1963"]
[PlyCount "103"]
[EventDate "2017.08.19"]

1. d4 d5 2. Bf4 Nf6 3. e3 e6 4. Nd2 c5 5. c3 Nc6 6. Ngf3 b6 7. Bb5 Bd7 8. Bd3
Be7 9. h3 c4 10. Bc2 b5 11. e4 dxe4 12. Nxe4 Nxe4 13. Bxe4 O-O 14. O-O Qb6 15.
Ne5 Be8 16. Qc2 f5 17. Bf3 Rd8 18. Qe2 Nxe5 19. Bxe5 Bc6 20. Bc7 Bxf3 21. Bxb6
Bxe2 22. Bxd8 Rxd8 23. Rfe1 Bd3 24. Rxe6 Kf7 25. Rae1 Bf6 26. Ra6 Rd7 27. Ra5
Rb7 28. a4 b4 29. Rb5 Rxb5 30. axb5 bxc3 31. bxc3 Bd8 32. g3 Ba5 33. Ra1 Bb6
34. Re1 Bc2 35. Kf1 Ba4 36. Re5 Kf6 37. Ke2 Bc7 38. Rc5 Bd6 39. Rc6 Ke6 40. Ra6
Bxb5 41. Rxa7 Be7 42. h4 h6 43. Ke3 g5 44. hxg5 hxg5 45. Ra5 Bd7 46. Ra7 Kd6
47. Ra5 Bd8 48. Ra7 Bc7 49. Ra8 g4 50. Ra6+ Ke7 51. Ra7 Kd6 52. Ra6+ 1/2-1/2

[Event "Mistrovstvi CR senioru nad 60 let"]
[Site "?"]
[Date "2017.08.24"]
[Round "6"]
[White "Drabek, Miloslav"]
[Black "Novotny, Jaroslav"]
[Result "1-0"]
[WhiteElo "2036"]
[BlackElo "1914"]
[PlyCount "109"]
[EventDate "2017.08.19"]

1. d4 d5 2. Nf3 Nf6 3. c4 c6 4. Nbd2 g6 5. g3 Bg7 6. Bg2 O-O 7. O-O Bf5 8. Nh4
Be6 9. c5 Na6 10. Nhf3 Bf5 11. Nh4 Be6 12. e3 Qd7 13. Qb3 Rab8 14. Nhf3 Ne4 15.
a3 h6 16. Qa4 f5 17. Ne1 Nc7 18. Nd3 g5 19. Nf3 a6 20. Nfe5 Qe8 21. Qd1 Nf6 22.
Bd2 Nd7 23. Ba5 Na8 24. Bd2 Nxe5 25. Nxe5 b6 26. cxb6 Nxb6 27. b3 Rc8 28. Rc1
Bxe5 29. dxe5 c5 30. Ba5 Qb5 31. Bc3 Rfd8 32. a4 Qd7 33. Ba5 Qb7 34. h4 g4 35.
Qd2 Kg7 36. Rfd1 Rd7 37. Qe2 c4 38. Bxb6 Qxb6 39. bxc4 dxc4 40. Rxd7 Bxd7 41.
Rxc4 Rxc4 42. Qxc4 Qa5 43. Qd4 Qxa4 44. Qc3 e6 45. Qc7 Kf7 46. Qd8 h5 47. Qf6+
Ke8 48. Qh8+ Ke7 49. Qxh5 Qd1+ 50. Kh2 Qe1 51. Qg5+ Ke8 52. Qf4 a5 53. h5 Kf8
54. h6 Be8 55. Qg5 1-0

[Event "Mistrovstvi CR senioru nad 60 let"]
[Site "?"]
[Date "2017.08.24"]
[Round "6"]
[White "Humlicek, Vojtech"]
[Black "Vlachopulos, Georgis"]
[Result "1-0"]
[WhiteElo "1953"]
[BlackElo "1844"]
[PlyCount "87"]
[EventDate "2017.08.19"]

1. e4 e6 2. d4 d5 3. Nd2 c5 4. exd5 exd5 5. Ngf3 Nc6 6. dxc5 Bxc5 7. Nb3 Bb6 8.
Be2 Nf6 9. Bg5 O-O 10. O-O Re8 11. c3 Bg4 12. Re1 Qd6 13. Bxf6 gxf6 14. Nfd4
Bc7 15. g3 Qd7 16. Bxg4 Rxe1+ 17. Qxe1 Qxg4 18. Qe2 Qg6 19. Qb5 Nxd4 20. Nxd4
Bb6 21. Qxd5 Re8 22. Qxb7 h5 23. Qf3 Re5 24. Nc6 Re6 25. Rd1 f5 26. Nd4 Re5 27.
Rd2 h4 28. Re2 Bxd4 29. cxd4 Rxe2 30. Qxe2 h3 31. f3 Qc6 32. Kf2 Qc1 33. b4 Qc6
34. Qd2 Kf8 35. Ke3 Ke7 36. d5 Qa6 37. Qe2 Qd6 38. Kf2+ Kd8 39. Qc4 Qe5 40.
Qh4+ Ke8 41. Qxh3 Qb2+ 42. Ke3 Qe5+ 43. Kf2 Qb2+ 44. Kf1 1-0

[Event "Mistrovstvi CR senioru nad 60 let"]
[Site "?"]
[Date "2017.08.24"]
[Round "6"]
[White "Portych, Vaclav"]
[Black "Korenek, Frantisek"]
[Result "1/2-1/2"]
[WhiteElo "1869"]
[BlackElo "2075"]
[PlyCount "88"]
[EventDate "2017.08.19"]

1. c4 Nf6 2. Nc3 e5 3. Nf3 Nc6 4. g3 g6 5. Bg2 Bg7 6. O-O O-O 7. d4 exd4 8.
Nxd4 Nxd4 9. Qxd4 d6 10. Bg5 h6 11. Bxf6 Bxf6 12. Qd2 Bg7 13. Rad1 Bxc3 14.
Qxc3 Qe7 15. e3 Rb8 16. b3 b6 17. Rd2 Bg4 18. Qd4 h5 19. Qe4 Qxe4 20. Bxe4 Rbe8
21. Bg2 Re7 22. h4 a5 23. Rc1 Kg7 24. Rd4 Re5 25. Rc2 Bf5 26. Rc1 Rfe8 27. Bc6
R8e7 28. a3 Bd7 29. Bxd7 Rxd7 30. Rcd1 Rde7 31. R1d2 Kf6 32. Kg2 Re4 33. Kf3
Rxd4 34. Rxd4 Re5 35. Ke2 Ke7 36. Rf4 f5 37. Rd4 Ke6 38. Kf3 c5 39. Rd3 d5 40.
a4 Kd6 41. Rd1 Kc6 42. Rd2 dxc4 43. bxc4 Re4 44. Re2 Kc7 1/2-1/2

[Event "Mistrovstvi CR senioru nad 60 let"]
[Site "?"]
[Date "2017.08.24"]
[Round "6"]
[White "Hlavac, Frantisek"]
[Black "Lexa, Vaclav"]
[Result "1/2-1/2"]
[WhiteElo "1964"]
[BlackElo "1862"]
[PlyCount "23"]
[EventDate "2017.08.19"]

1. e4 c5 2. Nc3 d6 3. g3 g6 4. Bg2 Bg7 5. d3 Nc6 6. Be3 e6 7. Qd2 Nge7 8. Bh6
O-O 9. Nge2 Rb8 10. Bxg7 Kxg7 11. f4 b5 12. a3 1/2-1/2

[Event "Mistrovstvi CR senioru nad 60 let"]
[Site "?"]
[Date "2017.08.24"]
[Round "6"]
[White "Becvar, Miroslav"]
[Black "Horak, Vladimir"]
[Result "1/2-1/2"]
[WhiteElo "1860"]
[BlackElo "1946"]
[PlyCount "25"]
[EventDate "2017.08.19"]

1. e4 e6 2. d4 d5 3. exd5 exd5 4. Bd3 Nf6 5. Ne2 Be7 6. Bg5 Bg4 7. Nd2 Nbd7 8.
O-O O-O 9. c3 Re8 10. Re1 c6 11. h3 Bh5 12. Qc2 Bg6 13. Bxg6 1/2-1/2

[Event "Mistrovstvi CR senioru nad 60 let"]
[Site "?"]
[Date "2017.08.24"]
[Round "6"]
[White "Sobotnik, Petr"]
[Black "Kotyza, Bohumil"]
[Result "1-0"]
[WhiteElo "1920"]
[BlackElo "1810"]
[PlyCount "33"]
[EventDate "2017.08.19"]

1. c4 Nf6 2. Nc3 e6 3. d4 d5 4. Bg5 c6 5. cxd5 exd5 6. e3 Be7 7. Bd3 O-O 8. Nf3
Bg4 9. h3 Bh5 10. O-O Re8 11. g4 Bg6 12. Bxg6 hxg6 13. Ne5 Nbd7 14. Qb3 Rb8 15.
Bf4 Nxe5 16. dxe5 Ne4 17. Nxe4 1-0

[Event "Mistrovstvi CR senioru nad 60 let"]
[Site "?"]
[Date "2017.08.24"]
[Round "6"]
[White "Sedlacek, Jan"]
[Black "Kohout, Jan"]
[Result "0-1"]
[WhiteElo "1808"]
[BlackElo "1919"]
[PlyCount "72"]
[EventDate "2017.08.19"]

1. e4 c5 2. Nf3 d6 3. d4 cxd4 4. Nxd4 Nf6 5. Nc3 a6 6. f3 e5 7. Nb3 Be6 8. Be3
Be7 9. Qd2 Qc7 10. O-O-O Nbd7 11. g4 Rc8 12. g5 Nh5 13. Nd5 Bxd5 14. exd5 Nb6
15. c3 Nc4 16. Bxc4 Qxc4 17. Qd3 Qa4 18. Kb1 O-O 19. Rdg1 Qd7 20. Nd2 b5 21.
Rg4 g6 22. Rhg1 Ng7 23. Ne4 Qf5 24. f4 Rc4 25. fxe5 dxe5 26. h3 Qd7 27. b3 Rcc8
28. Nf6+ Bxf6 29. gxf6 Nf5 30. Bg5 Rfd8 31. h4 Qxd5 32. Qxf5 h5 33. R4g3 gxf5
34. Bc1+ Kh8 35. Rg5 Qe4+ 36. Ka1 Qxh4 0-1

[Event "Mistrovstvi CR senioru nad 60 let"]
[Site "?"]
[Date "2017.08.24"]
[Round "6"]
[White "Pociejowski, Marek"]
[Black "Tsapanidis, Vasilis"]
[Result "1-0"]
[WhiteElo "1871"]
[BlackElo "1807"]
[PlyCount "125"]
[EventDate "2017.08.19"]

1. d4 Nf6 2. c4 g6 3. Nc3 Bg7 4. e4 d6 5. f4 O-O 6. Nf3 c5 7. d5 e6 8. Be2 exd5
9. cxd5 Re8 10. e5 dxe5 11. fxe5 Ng4 12. Bg5 Qb6 13. O-O Nxe5 14. d6 Qxb2 15.
Nd5 Nxf3+ 16. Bxf3 Bd4+ 17. Kh1 Qxa1 18. Qxa1 Bxa1 19. Rxa1 Re5 20. Ne7+ Kg7
21. Nxc8 Nd7 22. Bxb7 Rb8 23. Bc6 Nf8 24. d7 Nxd7 25. Bf4 Rxc8 26. Bxd7 Rce8
27. Bxe8 Rxe8 28. Bd6 Rc8 29. Rc1 c4 30. Kg1 f5 31. Kf2 Rc6 32. Be5+ Kf7 33.
Ke3 Ke6 34. Kd4 c3 35. Rc2 Ra6 36. Bb8 Ra3 37. Kc4 g5 38. Re2+ Kf7 39. Be5 f4
40. Bxc3 g4 41. Rf2 Kg6 42. Kb4 Ra6 43. Bd4 Kf5 44. a4 Ke4 45. Bc5 f3 46. Kb5
Re6 47. Bxa7 Re5+ 48. Bc5 Rxc5+ 49. Kxc5 Ke3 50. Rb2 f2 51. Rb1 Ke2 52. a5 f1=Q
53. Rxf1 Kxf1 54. a6 Kxg2 55. a7 Kxh2 56. a8=Q Kg3 57. Qh1 Kf2 58. Qxh7 g3 59.
Qf5+ Kg1 60. Kd4 g2 61. Ke3 Kh2 62. Qf4+ Kh1 63. Qh4+ 1-0

[Event "Mistrovstvi CR senioru nad 60 let"]
[Site "?"]
[Date "2017.08.24"]
[Round "6"]
[White "Jablecnik, Gustav"]
[Black "Wiedermann, Jan"]
[Result "1/2-1/2"]
[WhiteElo "2109"]
[BlackElo "1827"]
[PlyCount "97"]
[EventDate "2017.08.19"]

1. e4 c5 2. Bc4 g6 3. f4 e6 4. Qe2 Ne7 5. d3 Bg7 6. Nf3 a6 7. Bb3 O-O 8. O-O
Nbc6 9. c3 Rb8 10. Be3 d6 11. Rd1 Re8 12. d4 cxd4 13. Nxd4 Nxd4 14. Bxd4 Bxd4+
15. Rxd4 Qb6 16. Qf2 Bd7 17. Na3 Qc5 18. Rad1 Bc6 19. Bc2 d5 20. e5 a5 21. g4
b5 22. f5 exf5 23. gxf5 b4 24. Nb1 Bd7 25. f6 bxc3 26. fxe7 Rxb2 27. Rf4 Qxf2+
28. Rxf2 Be6 29. Nxc3 Rxe7 30. Bb3 Rxf2 31. Kxf2 d4 32. Rxd4 Bxb3 33. axb3 Rxe5
34. Rd5 Rxd5 35. Nxd5 f5 36. Kf3 Kf7 37. Kf4 Ke6 38. Nb6 h6 39. Nc4 g5+ 40. Kf3
Kd5 41. Nxa5 Kc5 42. Nc4 Kb4 43. Nd2 Kc3 44. Ke3 h5 45. Kf3 h4 46. h3 Kb4 47.
Ke3 g4 48. hxg4 fxg4 49. Nf1 1/2-1/2

[Event "Mistrovstvi CR senioru nad 60 let"]
[Site "?"]
[Date "2017.08.24"]
[Round "6"]
[White "Oburka, Vladislav"]
[Black "Sibl, Vaclav"]
[Result "1/2-1/2"]
[WhiteElo "1819"]
[BlackElo "1923"]
[PlyCount "31"]
[EventDate "2017.08.19"]

1. e4 d6 2. d4 Nf6 3. Nc3 e5 4. dxe5 dxe5 5. Qxd8+ Kxd8 6. Bg5 c6 7. Bc4 Be6 8.
Bxe6 fxe6 9. O-O-O+ Kc7 10. Nge2 Bd6 11. h3 h6 12. Be3 Nbd7 13. f3 Rad8 14. Rd2
Bc5 15. Bxc5 Nxc5 16. Rhd1 1/2-1/2

[Event "Mistrovstvi CR senioru nad 60 let"]
[Site "?"]
[Date "2017.08.25"]
[Round "7"]
[White "Mlynek, Petr"]
[Black "Briza, Jiri"]
[Result "1-0"]
[WhiteElo "2094"]
[BlackElo "1938"]
[PlyCount "85"]
[EventDate "2017.08.19"]

1. d4 Nf6 2. c4 c5 3. d5 b5 4. cxb5 a6 5. bxa6 Bxa6 6. Nc3 g6 7. e4 Bxf1 8.
Kxf1 d6 9. Nf3 Bg7 10. g3 O-O 11. Kg2 Nbd7 12. Qe2 Qb6 13. Re1 Rfd8 14. a4 Ne8
15. Bg5 f6 16. Be3 Nc7 17. Reb1 Qb4 18. Bd2 Qb7 19. Be1 Rdb8 20. Nd2 Qc8 21.
Nc4 Nb6 22. Nxb6 Rxb6 23. a5 Rb3 24. Na4 Qa6 25. Qxa6 Nxa6 26. Ra3 Rb5 27. Nb6
Rf8 28. Bc3 Kf7 29. f4 Ke8 30. Kf3 Kd8 31. Ke2 h5 32. Kd3 Bh8 33. Kc4 Nc7 34.
Na8 Rb8 35. Nxc7 Kxc7 36. a6 Rbc8 37. b4 cxb4 38. Rxb4 Kd7+ 39. Kd3 f5 40. e5
dxe5 41. fxe5 Rc7 42. a7 Ra8 43. e6+ 1-0

[Event "Mistrovstvi CR senioru nad 60 let"]
[Site "?"]
[Date "2017.08.25"]
[Round "7"]
[White "Novotny, Josef"]
[Black "Chudinovskikh, Alexander M"]
[Result "1/2-1/2"]
[WhiteElo "2045"]
[BlackElo "2229"]
[PlyCount "112"]
[EventDate "2017.08.19"]

1. e3 g6 2. d3 Bg7 3. Nf3 e5 4. g3 d5 5. Bg2 Ne7 6. Nc3 O-O 7. h3 h6 8. e4 c6
9. O-O Be6 10. Re1 Nd7 11. d4 dxe4 12. Nxe4 f5 13. Nc3 e4 14. Nh2 Nb6 15. Ne2
Qd7 16. c3 Rad8 17. Bf4 g5 18. Be5 Bxe5 19. dxe5 Qc7 20. Nd4 Qxe5 21. Qh5 Qf6
22. Nxe6 Qxe6 23. g4 Qg6 24. Qxg6+ Nxg6 25. gxf5 Nf4 26. Bxe4 Rd2 27. Rad1 Rfd8
28. Rxd2 Rxd2 29. Bg2 Nbd5 30. c4 Nxg2 31. Kxg2 Nf4+ 32. Kg3 Kf7 33. h4 Nh5+
34. Kf3 gxh4 35. Ng4 Rd4 36. Nxh6+ Kg7 37. Re6 Nf6 38. Ng4 Rxg4 39. Rxf6 Rxc4
40. Rd6 b5 41. b3 Rc2 42. Rg6+ Kf7 43. Rh6 Rxa2 44. Rxc6 Ra3 45. Kg4 Rxb3 46.
Kxh4 a5 47. Kg5 b4 48. Rc7+ Ke8 49. f6 Rf3 50. Kg6 Rxf2 51. f7+ Kd8 52. Ra7
Rg2+ 53. Kf6 Rf2+ 54. Ke6 Re2+ 55. Kd6 Rd2+ 56. Ke6 Re2+ 1/2-1/2

[Event "Mistrovstvi CR senioru nad 60 let"]
[Site "?"]
[Date "2017.08.25"]
[Round "7"]
[White "Lorenc, Oldrich"]
[Black "Drabek, Miloslav"]
[Result "1-0"]
[WhiteElo "2055"]
[BlackElo "2036"]
[PlyCount "81"]
[EventDate "2017.08.19"]

1. e4 d6 2. d4 Nf6 3. Nc3 g6 4. Nf3 Bg7 5. Be2 O-O 6. O-O Bg4 7. Be3 Nc6 8. h3
Bxf3 9. Bxf3 e5 10. d5 Ne7 11. Qd2 Nd7 12. Bh6 f5 13. Bxg7 Kxg7 14. exf5 Nxf5
15. Bg4 h5 16. Bxf5 Rxf5 17. f4 exf4 18. Rxf4 Qg5 19. Raf1 Raf8 20. Ne4 Rxf4
21. Nxg5 Rxf1+ 22. Kh2 R8f5 23. Ne6+ Kh7 24. Qc3 Re5 25. Qxc7 Rf7 26. Qxd6 Kh6
27. c4 h4 28. Nd4 Re1 29. Nf3 Re2 30. Kg1 Rxb2 31. Qe6 Rb1+ 32. Kh2 Kg7 33.
Nxh4 Nf8 34. Qe5+ Kg8 35. d6 Rd1 36. c5 Rd2 37. a4 Nd7 38. Qg5 Rff2 39. Qxg6+
Kf8 40. Qe6 Nf6 41. Qc8+ 1-0

[Event "Mistrovstvi CR senioru nad 60 let"]
[Site "?"]
[Date "2017.08.25"]
[Round "7"]
[White "Sobotnik, Petr"]
[Black "Pospisil, Evzen"]
[Result "0-1"]
[WhiteElo "1920"]
[BlackElo "2064"]
[PlyCount "100"]
[EventDate "2017.08.19"]

1. c4 c5 2. Nc3 Nc6 3. g3 g6 4. Bg2 Bg7 5. d3 Nf6 6. e4 O-O 7. Nge2 d6 8. O-O
Qc7 9. Rb1 Bd7 10. a3 Nd4 11. Nxd4 cxd4 12. Ne2 e5 13. b4 b6 14. Bd2 h5 15. f4
Kh7 16. Rc1 Ng8 17. fxe5 dxe5 18. c5 b5 19. Kh1 Ne7 20. Ng1 Nc6 21. Nf3 Bh6 22.
Bxh6 Kxh6 23. Nh4 Kg7 24. Rf2 Qd8 25. Qd2 a5 26. Rcf1 axb4 27. axb4 Ra4 28. Rb1
Qe7 29. Bf3 Be6 30. Bd1 Ra2 31. Qe1 Rfa8 32. Rxa2 Rxa2 33. Bb3 Bxb3 34. Rxb3
Qa7 35. Rb1 Qa4 36. Nf3 Qc2 37. Qf1 Ra3 38. Rd1 Qc3 39. Ng5 Ra7 40. Qf3 Ra1 41.
Rf1 Rxf1+ 42. Qxf1 Qb3 43. Qa1 Qxd3 44. h3 Qxg3 45. Qa8 Nxb4 46. Qd8 Nd3 47.
Ne6+ fxe6 48. Qe7+ Kh6 49. Qf8+ Kg5 50. Qe7+ Kf4 0-1

[Event "Mistrovstvi CR senioru nad 60 let"]
[Site "?"]
[Date "2017.08.25"]
[Round "7"]
[White "Pribyl, Jaroslav"]
[Black "Salac, Jiri"]
[Result "1-0"]
[WhiteElo "1944"]
[BlackElo "2056"]
[PlyCount "83"]
[EventDate "2017.08.19"]

1. e4 c5 2. Nf3 d6 3. d4 cxd4 4. Nxd4 Nf6 5. Nc3 a6 6. Bg5 e6 7. f4 Be7 8. Qf3
Qc7 9. O-O-O Nbd7 10. Bd3 h6 11. Bh4 g5 12. fxg5 Ne5 13. Qe2 Nh7 14. Rhf1 hxg5
15. Bg3 Nf8 16. Bxe5 dxe5 17. Nf5 Ng6 18. Nxe7 Qxe7 19. g3 Bd7 20. Rf2 O-O-O
21. Bxa6 Bc6 22. Rxd8+ Rxd8 23. Bb5 Rd7 24. Bxc6 bxc6 25. Qa6+ Kc7 26. Qa5+ Kc8
27. Rf3 Qd8 28. Qa6+ Kc7 29. Rxf7 Rxf7 30. Qa7+ Kd6 31. Qxf7 Nf8 32. Qf2 Nd7
33. h4 gxh4 34. gxh4 Qh8 35. Qd2+ Ke7 36. Qg5+ Nf6 37. Ne2 Kf7 38. Ng3 Qa8 39.
h5 Nxh5 40. Nxh5 Qxa2 41. Qxe5 Qc4 42. Qg7+ 1-0

[Event "Mistrovstvi CR senioru nad 60 let"]
[Site "?"]
[Date "2017.08.25"]
[Round "7"]
[White "Dolezal, Radoslav"]
[Black "Pociejowski, Marek"]
[Result "1/2-1/2"]
[WhiteElo "1963"]
[BlackElo "1871"]
[PlyCount "80"]
[EventDate "2017.08.19"]

1. e4 Nf6 2. e5 Nd5 3. d4 d6 4. exd6 cxd6 5. c4 Nb6 6. Bd3 g6 7. Ne2 Bg7 8. O-O
O-O 9. Be3 Nc6 10. Nd2 Nb4 11. Bb1 Bd7 12. a3 Na6 13. Bd3 e5 14. Rc1 Rc8 15. b3
f5 16. f3 Qe7 17. Re1 Rfe8 18. Nb1 Red8 19. Qd2 Bf6 20. Bc2 Be8 21. d5 Nc5 22.
g3 h5 23. h4 f4 24. gxf4 Bxh4 25. Bf2 Bxf2+ 26. Kxf2 Qh4+ 27. Kg2 exf4 28. Qxf4
Qxf4 29. Nxf4 Rc7 30. Nc3 Bf7 31. Ne4 Nxe4 32. Rxe4 Re8 33. Rxe8+ Bxe8 34. Re1
Bf7 35. Kf2 Nxd5 36. Nxd5 Bxd5 37. Bxg6 Bf7 38. Rg1 Kf8 39. Bxf7 Kxf7 40. Rg5
Rc5 1/2-1/2

[Event "Mistrovstvi CR senioru nad 60 let"]
[Site "?"]
[Date "2017.08.25"]
[Round "7"]
[White "Kohout, Jan"]
[Black "Humlicek, Vojtech"]
[Result "1/2-1/2"]
[WhiteElo "1919"]
[BlackElo "1953"]
[PlyCount "22"]
[EventDate "2017.08.19"]

1. e4 c5 2. Nf3 a6 3. c4 g6 4. Nc3 Bg7 5. d4 cxd4 6. Nxd4 Nc6 7. Be3 d6 8. Nd5
Ne5 9. Nc2 Nd7 10. Bd4 Ngf6 11. a4 O-O 1/2-1/2

[Event "Mistrovstvi CR senioru nad 60 let"]
[Site "?"]
[Date "2017.08.25"]
[Round "7"]
[White "Lexa, Vaclav"]
[Black "Pilar, Miloslav"]
[Result "1/2-1/2"]
[WhiteElo "1862"]
[BlackElo "2160"]
[PlyCount "74"]
[EventDate "2017.08.19"]

1. d4 Nf6 2. c4 g6 3. Nc3 Bg7 4. e4 d6 5. Nf3 O-O 6. Be2 e5 7. Be3 Ng4 8. Bg5
f6 9. Bh4 Nh6 10. d5 Nd7 11. b4 g5 12. Bg3 f5 13. exf5 Nxf5 14. Ne4 h6 15. Rb1
a5 16. a3 axb4 17. axb4 b6 18. Nfd2 Nf6 19. Nxf6+ Qxf6 20. Ne4 Qe7 21. Bd3 Bd7
22. O-O Ra3 23. Ra1 Rfa8 24. Rxa3 Rxa3 25. Qd2 Qe8 26. f3 Qa8 27. Rb1 Ra2 28.
Rb2 Ra1+ 29. Rb1 Rxb1+ 30. Bxb1 Qa1 31. Qd3 Qb2 32. b5 Nd4 33. Qf1 Bf5 34. Bf2
Qe2 35. Bxd4 Qxf1+ 36. Kxf1 Bxe4 37. Bxe4 exd4 1/2-1/2

[Event "Mistrovstvi CR senioru nad 60 let"]
[Site "?"]
[Date "2017.08.25"]
[Round "7"]
[White "Korenek, Frantisek"]
[Black "Becvar, Miroslav"]
[Result "1/2-1/2"]
[WhiteElo "2075"]
[BlackElo "1860"]
[PlyCount "107"]
[EventDate "2017.08.19"]

1. e4 e6 2. d4 d5 3. Nc3 Nf6 4. e5 Nfd7 5. f4 c5 6. Nf3 Nc6 7. Be3 a6 8. Qd2 b5
9. a3 Bb7 10. Nd1 cxd4 11. Nxd4 Bc5 12. Nb3 Bb6 13. c3 O-O 14. Bd3 f6 15. exf6
Qxf6 16. O-O Rae8 17. Bxb6 Nxb6 18. Nc5 Bc8 19. Ne3 Na5 20. Rae1 Nac4 21. Nxc4
Nxc4 22. Qe2 g6 23. Nb3 Qd8 24. Nd4 Qd6 25. g3 e5 26. fxe5 Nxe5 27. Rxf8+ Rxf8
28. Rf1 Nxd3 29. Qxd3 Rxf1+ 30. Qxf1 Kg7 31. Qf3 Qe5 32. Kf2 Bd7 33. Qe2 Qd6
34. Qe3 h5 35. Nf3 Kg8 36. Qd4 Bf5 37. Ng5 Bg4 38. h4 Bd7 39. Qa7 Kg7 40. Nf3
Kf7 41. Qxd7+ Qxd7 42. Ne5+ Ke6 43. Nxd7 Kxd7 44. Ke3 Ke6 45. Kd4 Kd6 46. b3 a5
47. b4 a4 48. Kd3 Ke5 49. Ke3 Ke6 50. Kf4 Kf6 51. g4 hxg4 52. Kxg4 Kf7 53. Kg5
Kg7 54. Kf4 1/2-1/2

[Event "Mistrovstvi CR senioru nad 60 let"]
[Site "?"]
[Date "2017.08.25"]
[Round "7"]
[White "Novotny, Jaroslav"]
[Black "Hlavac, Frantisek"]
[Result "1-0"]
[WhiteElo "1914"]
[BlackElo "1964"]
[PlyCount "69"]
[EventDate "2017.08.19"]

1. e4 Nf6 2. e5 Nd5 3. d4 d6 4. Nf3 dxe5 5. Nxe5 Nd7 6. Nf3 g6 7. c4 N5f6 8.
Nc3 Bg7 9. Be2 O-O 10. O-O c6 11. Bf4 Nh5 12. Be3 Qc7 13. Qd2 Re8 14. Rfd1 Nf8
15. Rac1 Nf6 16. Bf4 Qd8 17. h3 b6 18. Ne5 Bb7 19. Bf3 Qc8 20. Ne4 N8d7 21. Ng5
Rf8 22. Qe3 Nxe5 23. dxe5 Ne8 24. Rd2 c5 25. Bxb7 Qxb7 26. Rcd1 h6 27. Ne4 g5
28. Bh2 f5 29. exf6 Nxf6 30. Nxf6+ Bxf6 31. Qe6+ Kg7 32. Rd7 Qc8 33. Be5 Kg6
34. Bxf6 Rxf6 35. Qe4+ 1-0

[Event "Mistrovstvi CR senioru nad 60 let"]
[Site "?"]
[Date "2017.08.25"]
[Round "7"]
[White "Horak, Vladimir"]
[Black "Pittermann, Jan"]
[Result "1-0"]
[WhiteElo "1946"]
[BlackElo "1829"]
[PlyCount "81"]
[EventDate "2017.08.19"]

1. d4 Nf6 2. c4 g6 3. Nf3 Bg7 4. Nc3 d5 5. e3 O-O 6. cxd5 Nxd5 7. Bc4 Nxc3 8.
bxc3 c5 9. O-O Nc6 10. Bb2 Qc7 11. Rc1 b6 12. Qe2 e5 13. dxc5 Na5 14. Bd5 Rb8
15. cxb6 Rxb6 16. c4 Bb7 17. e4 Ba6 18. Ba3 Rfb8 19. Ng5 Rf6 20. Rfd1 h6 21.
Nf3 Kh7 22. Qc2 Bc8 23. c5 Nc6 24. Rb1 Bg4 25. Rxb8 Nxb8 26. Rd3 Bxf3 27. gxf3
Nc6 28. Bxc6 Rxc6 29. Qd2 Rf6 30. Rd7 Qc8 31. Kg2 Rf4 32. Qd5 Qf8 33. Qd6 Rf6
34. Qxf8 Bxf8 35. Rxa7 g5 36. Bb4 Kg6 37. a3 Rc6 38. Ra5 Be7 39. Rb5 Bd8 40.
Rb8 Be7 41. Rb6 1-0

[Event "Mistrovstvi CR senioru nad 60 let"]
[Site "?"]
[Date "2017.08.25"]
[Round "7"]
[White "Vlachopulos, Georgis"]
[Black "Portych, Vaclav"]
[Result "1-0"]
[WhiteElo "1844"]
[BlackElo "1869"]
[PlyCount "61"]
[EventDate "2017.08.19"]

1. e4 c5 2. Nc3 Nc6 3. f4 e6 4. Nf3 g6 5. d4 cxd4 6. Nxd4 Bg7 7. Ndb5 Bxc3+ 8.
Nxc3 a6 9. Be3 Nf6 10. e5 Nh5 11. Qf3 d5 12. O-O-O Qa5 13. g4 Ng7 14. Kb1 Bd7
15. Qf2 d4 16. Bxd4 Nxd4 17. Rxd4 Bc6 18. Bg2 Qc7 19. Bxc6+ Qxc6 20. Rhd1 O-O
21. Ne4 Ne8 22. Qh4 Kg7 23. f5 exf5 24. gxf5 Rc8 25. f6+ Kg8 26. c3 h5 27. Rg1
Nc7 28. Qxh5 Ne6 29. Rxg6+ fxg6 30. Qxg6+ Kh8 31. Rd3 1-0

[Event "Mistrovstvi CR senioru nad 60 let"]
[Site "?"]
[Date "2017.08.25"]
[Round "7"]
[White "Tsapanidis, Vasilis"]
[Black "Jablecnik, Gustav"]
[Result "0-1"]
[WhiteElo "1807"]
[BlackElo "2109"]
[PlyCount "92"]
[EventDate "2017.08.19"]

1. Nf3 Nc6 2. d4 d5 3. g3 Bf5 4. Bg2 e6 5. c3 Nf6 6. Nbd2 Be7 7. O-O h6 8. Re1
g5 9. h3 Be4 10. Nxe4 Nxe4 11. Nd2 f5 12. Nxe4 fxe4 13. f4 gxf4 14. Bxf4 Bg5
15. e3 Bxf4 16. gxf4 h5 17. Qe2 Ne7 18. c4 Nf5 19. Kh2 Qh4 20. Rac1 Qg3+ 21.
Kh1 c6 22. cxd5 exd5 23. Rc3 Rh7 24. Rc2 O-O-O 25. Qf2 Rg8 26. Qxg3 Rxg3 27.
Rce2 Rhg7 28. Kh2 Nxe3 29. Bxe4 dxe4 30. Rxe3 Rg2+ 31. Kh1 Rxb2 32. Rxe4 Rxa2
33. R4e2 Rxe2 34. Rxe2 b5 35. Kh2 b4 36. f5 Rf7 37. Rf2 a5 38. Kg3 b3 39. Kf4
a4 40. Rb2 Kd7 41. Kg5 Rf8 42. f6 Ke6 43. Re2+ Kd5 44. Kg6 a3 45. Kg7 Rxf6 46.
Kxf6 b2 0-1